000 01733nam a2200325 i 4500
001 197914
003 ES-MaACL
005 20251103144349.0
007 ta
008 250611e1952 sp ||||| |||| 001 1 spa d
040 _aES-MaACL
_bspa
_cES-MaACL
_erda
080 _a821.134.2-34"19"
245 0 0 _aCuentos serios y alegres.
_nVolumen I /
_c(Cía, Handersen, Perrault, Grimm, Abril, Pardo Bazán, J.M.ª Pemán), seleccionados por A. Garmendia de Otaola, S.J.
264 1 _aBilbao :
_bEl Mensajero del Corazón de Jesús,
_c1952
300 _a64 páginas ;
_c17 cm
336 _2rdacontent
_atexto
337 _2rdamedia
_asin mediación
338 _2rdacarrier
_avolumen
490 0 _aDe broma y de veras ;
_vnúmero 472
500 _aÍndice
505 0 _aCuento: ¿qué es? ; El cuento en Grecia y en el Oriente ; Principales cuentistas portugueses, italianos, franceses, ingleses y alemanes, antiguos y modernos ; Taravilla, el mentiroso / C. Cía, S.J. ; Sin tregua / E. Pardo bazán ; El demonio fue antes ángel / C. Cía, S.J. ; Leyenda de Fra Primitivo y el Pozo / José M.ª Pemán ; El ruiseñor / H. Andersen ; El gato con botas / C. Perrault ; El doctor "Sabelotodo" / J.L.C. Grimm ; Chuchi, Polín y el diablo / José M.ª Pemán ; El cuento, "¡no es verdad!" / M. Abril ; La bella desconocida / José M.ª Pemán
655 7 _9226829
_aCuentos
700 1 _955586
_aGarmendia de Otaola, Antonio
_ecom
852 _aES-MaACL
_cDEPO1
_jA-15601(10)
_hDonación: José Lázaro García
_xHolandesa
_9206878
903 _9234219
_aLázaro García, José
_ednr
942 _n0
_cMONOGRAFIA
999 _c197914
_d197914